zpět

Detail výsledku týmu

Restaurace Na Radnici, Tršice

Datum a čas kvízu

30.5 Celkem bodů Celkový počet nahraných bodů na tomto kvízu bez doplňovacích otázek.
2. Pořadí na kvízu Konečné umístění týmu na tomto kvízu.

Zaznamenané odpovědi

# Otázka Odpověď Body Výsledky
1. Matematik a podnikatel Karel J... Tohle jsme my 0
2. Evropský parlament má novou př... z Malty 0
3. Platforma Amazon Prime Video z... Pán prstenů (Rings of Power) 1
4. Ocenění nejlepšího lyžařského... ve Švýcarsku 1
5. Biatlonistka Markéta Davidová... B) ve vytrvalostním závodě 1
6. V 17. a 18. století dominovala... merkantilismus 1
7. Jedním z nejznámějších předsta... ze Skotska 1
8. Ve kterém roce došlo ke krachu... V roce 1929. (Uznáváme 1927–1931.) 1
9. Po rozpadu zlatého standardu,... na americký dolar 1
10. Na závěr se podíváme do eurozó... B 0